Principles of economics

Đã lưu trong:
Bibliografiske detaljer
Hovedforfatter: Robert H. Frank
Format: Bog
Sprog:Undetermined
Udgivet: Boston McGraw-Hill 2004
Tags: Tilføj Tag
Ingen Tags, Vær først til at tagge denne postø!
Thư viện lưu trữ: Trung tâm Học liệu Trường Đại học Cần Thơ
LEADER 00393nam a2200157Ia 4500
001 CTU_65895
008 210402s9999 xx 000 0 und d
020 |b 1688000 
082 |a 330 
082 |b F828 
100 |a Robert H. Frank 
245 0 |a Principles of economics 
260 |a Boston 
260 |b McGraw-Hill 
260 |c 2004 
980 |a Trung tâm Học liệu Trường Đại học Cần Thơ